| 000 | 01030nam0a22002891 4500 | ||
|---|---|---|---|
| 001 | rc\4750669 | ||
| 005 | 20250613072832.0 | ||
| 021 |
_aRU _b[61-21878] |
||
| 035 | _a(NLR Aleph) 009010442 | ||
| 090 |
_a9364144 _c9364144 |
||
| 100 | _a20130417d1961 |||y0rusy50 ca | ||
| 101 | 1 |
_arus _cger |
|
| 102 | _aRU | ||
| 105 | _ac z |||e| | ||
| 200 | 1 |
_aИзбранные речи, письма и статьи _e[Пер. с нем. _fПредисл. В. Пика, с. 3-44] |
|
| 210 |
_aМосква _cГосполитиздат _d1961 |
||
| 215 |
_a511 с., 1 л. портр. _d21 |
||
| 320 | _aБиблиогр. в примеч.: с. 489-505 | ||
| 601 | 0 | 2 |
_aКоммунистическая партия Германии _xИстория _2psbo |
| 606 |
_aРабочее движение в Германии _z20 в. _2psbo |
||
| 700 | 1 |
_aЛибкнехт _bК. _f1871-1919 _gКарл |
|
| 702 | 1 |
_aПик _bВ. _4080 |
|
| 801 | 0 |
_aRU _bNLR _gpsbo |
|
| 801 | 1 |
_aRU _bELAR _2rusmarc |
|
| 852 |
_aNLR _j61-3/1864 |
||
| 942 | _cBOOK | ||
| 980 | _aNB | ||